header

Epistemic modality, language, and conceptualization (Record no. 13227)

MARC details
000 -LEADER
fixed length control field 01324nam a22003254a 4500
082 04 - DEWEY DECIMAL CLASSIFICATION NUMBER
Classification number 415
100 1# - MAIN ENTRY--AUTHOR NAME
Personal name Nuyts, Jan.
245 10 - TITLE STATEMENT
Title Epistemic modality, language, and conceptualization
260 ## - PUBLICATION, DISTRIBUTION, ETC. (IMPRINT)
Place of publication Amsterdam ;
-- Philadelphia :
Name of publisher J. Benjamins,
Year of publication c2001.
300 ## - PHYSICAL DESCRIPTION
Number of Pages xix, 428 p. :
Other physical details ill.
490 1# - SERIES STATEMENT
Series statement Human cognitive processing,
650 #0 - SUBJECT ADDED ENTRY--TOPICAL TERM
Topical Term Modality (Linguistics)
856 40 - ELECTRONIC LOCATION AND ACCESS
Uniform Resource Identifier http://site.ebrary.com/lib/rucke/Doc?id=10014688

No items available.

© 2026 Rongo University
Contact us: librarian | system librarian | Rongo university